<?xml version="1.0" encoding="UTF-8"?>
<collection xmlns="http://www.loc.gov/MARC21/slim">
 <record>
  <leader>01232nam a2200277 a 4500</leader>
  <controlfield tag="001">15361</controlfield>
  <controlfield tag="003">BD-DhAAL</controlfield>
  <controlfield tag="008">090416r20032001cau           000 0 eng d</controlfield>
  <datafield tag="010" ind1=" " ind2=" ">
   <subfield code="a">  2008941715</subfield>
  </datafield>
  <datafield tag="020" ind1=" " ind2=" ">
   <subfield code="a">9812403701</subfield>
  </datafield>
  <datafield tag="020" ind1=" " ind2=" ">
   <subfield code="a">0534577628</subfield>
  </datafield>
  <datafield tag="040" ind1=" " ind2=" ">
   <subfield code="a">DLC</subfield>
   <subfield code="c">DLC</subfield>
   <subfield code="d">BD-DhAAL</subfield>
  </datafield>
  <datafield tag="082" ind1=" " ind2=" ">
   <subfield code="a">150.72</subfield>
   <subfield code="2">21  </subfield>
  </datafield>
  <datafield tag="100" ind1="1" ind2=" ">
   <subfield code="a">McBurney, Donald H.</subfield>
   <subfield code="9">30195</subfield>
  </datafield>
  <datafield tag="245" ind1="1" ind2="0">
   <subfield code="a">Research methods /</subfield>
   <subfield code="c">Donald H. McBurney.</subfield>
  </datafield>
  <datafield tag="250" ind1=" " ind2=" ">
   <subfield code="a">Fifth edition</subfield>
  </datafield>
  <datafield tag="260" ind1=" " ind2=" ">
   <subfield code="a">Belmont, CA :</subfield>
   <subfield code="b">Cengage Learning,</subfield>
   <subfield code="c">2001. [Third reprinted 2003]</subfield>
  </datafield>
  <datafield tag="300" ind1=" " ind2=" ">
   <subfield code="a">xiii, 450 pages ;</subfield>
   <subfield code="b">illustrations :</subfield>
   <subfield code="c">24 cm.</subfield>
  </datafield>
  <datafield tag="541" ind1="1" ind2=" ">
   <subfield code="a">Complimentary copy from BIED</subfield>
   <subfield code="e">15361, 37840</subfield>
  </datafield>
  <datafield tag="650" ind1=" " ind2=" ">
   <subfield code="a">Psychology, Experimental</subfield>
   <subfield code="x">Methodology.</subfield>
   <subfield code="9">30196</subfield>
  </datafield>
  <datafield tag="650" ind1=" " ind2=" ">
   <subfield code="a">Psychology</subfield>
   <subfield code="x">Research</subfield>
   <subfield code="x">Methodology.</subfield>
   <subfield code="9">30197</subfield>
  </datafield>
  <datafield tag="852" ind1="4" ind2=" ">
   <subfield code="a">Ayesha Abed Library</subfield>
   <subfield code="c">General Stacks</subfield>
  </datafield>
  <datafield tag="942" ind1=" " ind2=" ">
   <subfield code="2">ddc</subfield>
   <subfield code="c">BK</subfield>
  </datafield>
  <datafield tag="999" ind1=" " ind2=" ">
   <subfield code="c">208</subfield>
   <subfield code="d">208</subfield>
  </datafield>
  <datafield tag="952" ind1=" " ind2=" ">
   <subfield code="0">0</subfield>
   <subfield code="1">0</subfield>
   <subfield code="2">ddc</subfield>
   <subfield code="4">0</subfield>
   <subfield code="6">150_720000000000000_MCB_2001</subfield>
   <subfield code="7">0</subfield>
   <subfield code="9">191</subfield>
   <subfield code="a">BRACUL</subfield>
   <subfield code="b">BRACUL</subfield>
   <subfield code="c">GEN</subfield>
   <subfield code="d">2009-04-29</subfield>
   <subfield code="g">615.00</subfield>
   <subfield code="l">6</subfield>
   <subfield code="m">25</subfield>
   <subfield code="o">150.72 MCB</subfield>
   <subfield code="p">3010015361</subfield>
   <subfield code="r">2023-02-11</subfield>
   <subfield code="s">2023-02-06</subfield>
   <subfield code="t">1</subfield>
   <subfield code="w">2009-04-29</subfield>
   <subfield code="y">BK</subfield>
  </datafield>
  <datafield tag="952" ind1=" " ind2=" ">
   <subfield code="0">0</subfield>
   <subfield code="1">0</subfield>
   <subfield code="2">ddc</subfield>
   <subfield code="4">0</subfield>
   <subfield code="6">150_720000000000000_MCB</subfield>
   <subfield code="7">0</subfield>
   <subfield code="9">69893</subfield>
   <subfield code="a">BRACUL</subfield>
   <subfield code="b">BRACUL</subfield>
   <subfield code="c">GEN</subfield>
   <subfield code="d">2022-02-24</subfield>
   <subfield code="e">Complimentary copy from BIED</subfield>
   <subfield code="l">4</subfield>
   <subfield code="o">150.72 MCB</subfield>
   <subfield code="p">3010037840</subfield>
   <subfield code="r">2024-06-06</subfield>
   <subfield code="s">2024-06-05</subfield>
   <subfield code="t">2</subfield>
   <subfield code="w">2022-02-24</subfield>
   <subfield code="y">BK</subfield>
   <subfield code="x">Transferred from BIED to General Stacks</subfield>
  </datafield>
 </record>
</collection>
